| 000 | 00474nam a2200181Ia 4500 | ||
|---|---|---|---|
| 008 | 190406s9999 xx 000 0 und d | ||
| 100 | _aVishal P. Baloria & Jonas Heese | ||
| 245 | 4 | _aThe Effects of Media Slant on Firm Behavior | |
| 245 | _cVishal P. Baloria & Jonas Heese | ||
| 260 | _bCL | ||
| 260 | _belsevier | ||
| 260 | _c2018 | ||
| 300 | _aCL | ||
| 500 | _aJournal of Financial Economics | ||
| 650 | _xFox News | ||
| 650 | _xMedia Slant | ||
| 942 |
_2lcc _cSE |
||
| 999 |
_c361377 _d361377 |
||